| 000 | 00909cam a2200253 4500 | ||
|---|---|---|---|
| 999 |
_c27945 _d27945 |
||
| 001 | 3164377 | ||
| 003 | OSt | ||
| 005 | 20170213084705.0 | ||
| 008 | 710426t19711950nyuach b 001 0 eng | ||
| 010 | _a 75154016 | ||
| 020 | _a0374963193 | ||
| 040 |
_aDLC _cDLC _dDLC |
||
| 050 | 0 | 0 |
_aPR2823 _b.P3 1970 |
| 082 | 0 | 0 | _a822.3/3 |
| 100 | 1 |
_aPaul, Henry Neill, _d1863-1954. |
|
| 245 | 1 | 4 |
_aThe royal play of Macbeth; _bwhen, why, and how it was written by Shakespeare. |
| 260 |
_aNew York, _bOctagon Books, _c1971 [c1950] |
||
| 300 |
_ax, 438 p. _billus., facsims., ports. _c24 cm. |
||
| 504 | _aIncludes bibliographical references. | ||
| 600 | 1 | 0 |
_aShakespeare, William, _d1564-1616. _tMacbeth. |
| 600 | 0 | 0 |
_aMacbeth, _cKing of Scotland, _dactive 11th century _xIn literature. |
| 650 | 0 | _aTragedy. | |
| 906 |
_a7 _bcbc _corignew _d2 _encip _f19 _gy-gencatlg |
||
| 942 |
_2lcc _cBOOKS _hPR 2823 .P38 1950 |
||